| 000 | 01685nam a2200409 c 4500 | ||
|---|---|---|---|
| 003 | BLK | ||
| 005 | 20180420230530.0 | ||
| 008 | 180409b bul|||||r ||||||| ||bul|| | ||
| 010 | _aKNG00113396000 | ||
| 020 |
_a954-649-681-2 _bиздат.: Сиела Софт енд Паблишинг |
||
| 040 | _aBLK | ||
| 041 |
_aBUL _cBUL |
||
| 080 |
_aВласт (Суверенитет) _b321.011 _x _z321.011 |
||
| 080 |
_aДържавна власт. Система и функции на държавните органи _b342.5 _x _z342.5 |
||
| 080 |
_aКонституции. Законодателни събрания. Народни събрания _b342.4 _x(497.2) _z342.4(497.2) |
||
| 100 | 1 |
_aКиров, Васил Цветанов _eпърви автор _9311149 |
|
| 139 |
_aКиров, Васил Цветанов _bК 59 |
||
| 245 | 1 | 0 |
_aПубличната власт _bТеория и конституционна орг. _cВасил Цветанов Киров. |
| 257 | _aBGR | ||
| 260 |
_аСофия _bСиела Софт енд Паблишинг _c2004 |
||
| 300 |
_a284 с. _c21 см |
||
| 380 | _a3 | ||
| 500 | _aБиблиогр. с. 273-282. - Офс. изд. | ||
| 504 | _a273-282 | ||
| 650 | 4 |
_aВласт _9150918 |
|
| 650 | 4 |
_aДържавен апарат - България _9255908 |
|
| 650 | 4 |
_aРазделение на властите _9250555 |
|
| 650 | 4 |
_aБългария - конституция _9242222 |
|
| 653 | _aвласт | ||
| 653 | _aдържавна власт | ||
| 653 | _aконституции | ||
| 852 | _aЦб 219795 | ||
| 856 | 4 |
_qpdf _u |
|
| 856 | 4 |
_qpdf _u |
|
| 942 |
_cKNG _n0 |
||
| 944 |
_aCR _c03.06.2004 _kГеновева_Генчева |
||
| 944 |
_aED _c05.07.2005 _k |
||
| 999 |
_c108098 _d108098 |
||